Asian Geography by Letter - T - Statistics

General Stats
  • This quiz has been taken 130 times
    103 since last reset
  • The average score is 17 of 20
Answer Stats
Hint Answer % Correct
Capital of Japan Tokyo
100%
Island claimed by the People's Republic of China but de facto an independent country governed by the Republic of China Taiwan
99%
Intercontinental country that is the successor state of the Ottoman Empire Turkey
99%
Capital of the above Taipei
96%
Capital of Iran and largest city in Western Asia Tehran
96%
Big cat with orange fur and black stripes tiger
96%
Southeast Asian country that was never colonized by foreign powers Thailand
94%
One of the two major rivers of Mesopotamia Tigris
94%
One of the most famous landmarks of India - a very large mausoleum constructed for the empress of the Mughal Empire Taj Mahal
93%
Capital of Georgia Tbilisi
93%
This country has the most complex national flag in the world due to the band of carpet designs on it Turkmenistan
93%
Capital of Uzbekistan Tashkent
89%
Region in modern China where Mount Everest is located Tibet
88%
The national language of this country is a dialect of Persian Tajikistan
84%
Island divided between Indonesia and a country which gained independence from Indonesia Timor
81%
Capital of Bhutan Thimphu
80%
Location of the legendary war described in Homer's Iliad Troy
79%
City of over 13 million in northern China Tianjin
74%
Turco-Mongol conqueror who founded an empire in the 14th century controlling much of Persia and Central Asia Timur
35%
Russian republic that borders Mongolia Tuva
24%
No matching quizzes found
Score Distribution
Percent of People with Each Score
Percentile by Number Answered
Your Score History
You have not taken this quiz since the last reset